000 00372nam a2200133Ia 4500
005 20251222142009.0
008 251222s9999||||xx |||||||||||||| ||spa||
020 _a84-450-7248-X
082 _a823.91/T68E
100 _aTolkien, John Ronald Reuel
245 0 _aEgidio el granjero de Ham, Hoja de Niggle y El Herrero de Wootton Mayor
264 _bMinotauro
942 _cLIB
999 _c10271
_d10271